000 00275nam a2200097Ia 4500
005 20251222114356.0
008 251222s1900||||xx |||||||||||||| ||spa||
082 _aDVD0120/B94/2003
245 0 _aIl ritorno d´Ulisse in patria: Monteverdi:El regreso de Ulises Italia
942 _cDVD
999 _c1441
_d1441